000
00320nam a2200121Ia 4500
008
180117s9999 xx 000 0 und d
100
_a
by AA Patawaran
245
_a
On the trial of Jose Rizal's Demonio
260
_c
2017
300
_a
6-10 pages, 2017 June 11
440
_a
Philippine Panorama
650
_a
JOSE RIZAL
999
_c
353385
_d
353385